000 00852nam a2200217Ia 4500
003 GCL
005 20240530110929.0
008 140319s9999 xx 000 0 ara d
040 _aGCL /
_cGCL
082 0 4 _a415.1
_bب خ
100 1 _aالبغدادى , عبدالقادر بن عمر
245 1 0 _aخزانة الادب ولب لباب لسان العرب :
_bوهو شرح على شواهد شرح الكافية للرضى
_cتاليف البغدادى , عبدالقادر بن عمر ؛
260 _a[ القاهرة ] :
_bالمطبعة السلفية ،
_c1930
260 _aالقاهرة :
_bادارة الطباعة المنيرية ؛
_c1930
300 _a438 ص ؛
_b24 سم
490 _aتراثنا
650 0 4 _aالنحو
650 0 4 _aفقه اللغة المقارن
650 0 4 _aتاريخ ونقد
942 _2ddc
_cBK
999 _c66619
_d66619